Statistics for 郡内最多人口の町村 四国・九州編(1950/60)

Click here to take the quiz!

General Stats

  • This quiz has been taken 5 times
  • The average score is 70 of 271

Answer Stats

都道府県年代郡・支庁人口Answer備考% Correct
13976板野
75%
熊毛郡30123西之表1958年市制
50%
薩摩郡17969宮之城2005年合併
50%
東宇和郡22803宇和2004年合併/市制
50%
薩摩郡27835宮之城2005年合併
50%
19294川南
50%
喜多郡19790内子
50%
宗像郡21417宗像1981年市制
50%
上浮穴郡14291久万2004年合併
50%
温泉郡14703重信2004年合併/市制
50%
周桑郡25212壬生川1971年合併
50%
北諸県郡18004荘内1965年合併
50%
1960宇摩郡18411土居2004年合併
50%
13041南郷2009年合併
50%
東宇和郡8741宇和2004年合併/市制
50%
朝倉郡13895朝倉1962年町制
50%
南那珂郡13203福島1954年合併/市制
50%
喜多郡18572大洲1954年合併/市制
50%
伊予郡15308郡中1955年合併/市制
50%
上浮穴郡7591久万2004年合併
50%
宇摩郡18704三島1954年合併/市制
50%
北宇和郡23341津島2005年合併
50%
南那珂郡14446南郷2009年合併
50%
糸島郡17129前原1992年市制
50%
伊佐郡17772大口1954年合併/市制
50%
19705隼人1954年合併
50%
西臼杵郡13597高千穂
50%
遠賀郡36350中間1958年市制
50%
宗像郡8365津屋崎2005年合併/市制
50%
1960宮崎郡19491佐土原2006年合併
50%
姶良郡20277加治木2010年合併/市制
50%
山門郡20619瀬高2007年合併/市制
50%
19567川南1953年町制
50%
揖宿郡26470頴娃2007年合併/市制
50%
16930高城2006年合併
50%
出水郡31766阿久根1952年市制
50%
川辺郡25312川辺2007年合併/市制
50%
児湯郡20106高鍋
50%
高岡郡16180須崎1954年合併/市制
50%
東諸県郡13312高岡2006年合併
50%
京都郡15923行橋1954年合併/市制
50%
長岡郡8258長岡1956年合併
50%
日置郡19838吹上2005年合併/市制
50%
伊佐郡16506菱刈2008年合併
50%
周桑郡10281壬生川1971年合併
50%
姶良郡26657隼人2005年合併
50%
西臼杵郡22458高千穂
50%
三好郡28403池田2006年合併/市制
50%
鹿児島県1950鹿児島郡40098谷山1958年市制
50%
阿波郡15430阿波2005年合併/市制
50%
宮崎県1950宮崎郡12541田野2006年合併
50%
大野郡13193大野2005年合併/市制
50%
島尻郡30935真和志1953年市制
50%
勝浦郡9646勝浦
50%
9801池田2006年合併/市制
50%
大島郡23798瀬戸内
50%
宇佐郡25229四日市1967年合併/市制
50%
八重山郡9908竹富
50%
東臼杵郡15764門川
50%
島尻郡14360糸満1971年市制
50%
国頭郡18288名護1970年合併/市制
50%
児湯郡20041高鍋
50%
勝浦郡26233小松島1951年市制
50%
速見郡15853杵築1955年合併/市制
50%
美馬郡212802005年合併/市制
50%
26061志布志2006年合併/市制
50%
17488大内2003年合併/市制
50%
糸島郡31462前原1992年市制
50%
川辺郡24464知覧2007年合併/市制
50%
香川郡11210香川2006年合併
50%
熊毛郡19321中種子
50%
揖宿郡38483頴娃2007年合併/市制
50%
仲多度郡21899多度津
50%
三豊郡21005観音寺1955年合併/市制
50%
仲多度郡22535善通寺1954年合併/市制
50%
愛媛県1950温泉郡9068北条1958年市制
50%
11961清武2010年合併
50%
山門郡29260瀬高2007年合併/市制
50%
北高来郡8104小長井1966年町制
25%
東松浦郡18370厳木2005年合併
25%
西松浦郡15706有田
25%
西諸県郡19127飯野1966年合併
25%
東彼杵郡15779波佐見
25%
小城郡17607小城2005年合併/市制
25%
東諸県郡23368国富
25%
杵島郡20427大町
25%
対馬支庁10021厳原2004年合併/市制
25%
19494白石
25%
北松浦郡20405鹿町2010年合併
25%
東彼杵郡15936川棚
25%
藤津郡19741嬉野2006年合併/市制
25%
20166佐々
25%
17616高崎2006年合併
25%
大野郡22656三重2005年合併/市制
25%
葦北郡11424佐敷1955年合併
25%
北高来郡12307高来2005年合併
25%
北海部郡23116津久見1951年合併/市制
25%
八代郡222012005年合併
25%
葦北郡18377葦北
25%
球磨郡19958多良木
25%
大分県1950西国東郡14453高田1954年合併/市制
25%
東国東郡11017国東2006年合併/市制
25%
大分郡17751鶴崎1954年合併/市制
25%
直入郡11306竹田1954年合併/市制
25%
阿蘇郡23720阿蘇2005年合併/市制
25%
玖珠郡93161955年合併
25%
下毛郡10769耶馬溪1965年町制
25%
宇佐郡11227長洲1967年合併/市制
25%
日田郡122931966年町制
25%
玖珠郡28300玖珠
25%
東国東郡24562国東2006年合併/市制
25%
速見郡21494日出
25%
上益城郡24882矢部2005年合併
25%
菊池郡21885大津
25%
南高来郡17624小浜2005年合併/市制
25%
鹿本郡12965山鹿1954年合併/市制
25%
北松浦郡19982佐々
25%
東臼杵郡26112富島1951年合併/市制
25%
壱岐郡18482郷ノ浦2004年合併/市制
25%
対馬支庁23472厳原2004年合併/市制
25%
宇土郡8445三角2005年合併/市制
25%
玉名郡14006玉名1954年合併/市制
25%
西諸県郡20378飯野1966年合併
25%
鹿本郡21724植木2010年合併
25%
北諸県郡17779高崎2006年合併
25%
八代郡109982005年合併
25%
球磨郡8681多良木
25%
8499湯前
25%
天草郡19434牛深1954年合併/市制
25%
宇土郡17349三角2005年合併/市制
25%
下益城郡18315松橋2005年合併/市制
25%
神埼郡17409神埼2006年合併/市制
25%
三池郡18735高田1958年町制
25%
藤津郡13870嬉野2006年合併/市制
25%
綾歌郡7973宇多津
25%
西宇和郡15146三瓶2004年合併/市制
25%
伊予郡21784松前
25%
11523伯方2005年合併
25%
越智郡12006菊間2005年合併
25%
北宇和郡9184吉田2005年合併
25%
7888三瓶2004年合併/市制
25%
西宇和郡8145伊方1955年合併/町制
25%
9572菊間2005年合併
25%
囎唹郡27282末吉2005年合併/市制
25%
18716詫間2006年合併/市制
25%
三豊郡19025高瀬2006年合併/市制
25%
綾歌郡15109綾南2006年合併
25%
小豆郡24879土庄
25%
1960大川郡18157志度2002年合併/市制
25%
肝属郡21511高山2005年合併
25%
杵島郡23276大町
25%
宮古郡16517城辺2005年合併
25%
那賀郡8929富岡1958年合併/市制
25%
海部郡10521牟岐
25%
宮古郡15433城辺2005年合併
25%
6530石井
25%
阿波郡6854市場2005年合併/市制
25%
1960中頭郡33756具志川1968年市制
25%
国頭郡21010本部
25%
小豆郡7698土庄
25%
名西郡21505石井
25%
海部郡10026牟岐
25%
沖縄県1950中頭郡32369具志川1968年市制
25%
14752市場2005年合併/市制
25%
麻植郡24119鴨島2004年合併/市制
25%
香川県1950大川郡8710志度2002年合併/市制
25%
南宇和郡14235城辺2004年合併
25%
高知県1950安芸郡12452安芸1954年合併/市制
25%
19056東市来2005年合併/市制
25%
三池郡21142高田2007年合併/市制
25%
遠賀郡34927水巻
25%
日置郡20304東市来2005年合併/市制
25%
筑紫郡30614筑紫野1972年市制
25%
早良郡9527早良1975年合併
25%
浮羽郡25979田主丸2005年合併
25%
八女郡23037黒木2010年合併
25%
京都郡22430苅田
25%
築上郡13017八屋1955年合併/市制
25%
築上郡14238椎田2006年合併
25%
神埼郡7702神埼2006年合併/市制
25%
三養基郡16567鳥栖1954年合併/市制
25%
小城郡18448小城2005年合併/市制
25%
東松浦郡18648厳木2005年合併
25%
西松浦郡22116伊万里1954年合併/市制
25%
1960糟屋郡20374宇美
25%
南海部郡16022蒲江2005年合併
25%
土佐郡45281955年合併
25%
三瀦郡18601大川1954年合併/市制
25%
吾川郡10283伊野2004年合併
25%
幡多郡16280清水1954年合併/市制
25%
香美郡22650土佐山田2006年合併/市制
25%
土佐郡8734土佐1970年町制
25%
吾川郡21846伊野2004年合併
25%
高岡郡24813窪川2006年合併
25%
幡多郡13688大月
25%
13366大方2006年合併
25%
福岡県1950糟屋郡21972宇美
25%
1960鹿児島郡8699吉田1972年町制
25%
朝倉郡11692甘木1954年合併/市制
25%
肝属郡26607垂水1958年市制
25%
囎唹郡29072末吉2005年合併/市制
25%
出水郡15828高尾野2006年合併
0%
大島郡17716伊仙1962年町制
0%
直入郡8948久住2005年合併
0%
徳島県1950名東郡7068国府1967年合併
0%
三養基郡10112三根1962年町制
0%
北海部郡25841佐賀関2005年合併
0%
新居郡13960角野1959年合併
0%
八女郡16091水田1954年合併/市制
0%
三井郡7028高良内1951年合併
0%
浮羽郡7163御幸1951年町制
0%
早良郡5588田隈1954年合併
0%
筑紫郡20365那珂1955年合併
0%
嘉穂郡44514稲築2006年合併
0%
鞍手郡43284宮田2006年合併/市制
0%
長岡郡18231大豊1972年町制
0%
1960安芸郡8102東洋
0%
8156山田1954年合併
0%
香美郡8215槇山1956年合併
0%
14646保内2005年合併
0%
南宇和郡10175西外海1952年町制
0%
9755桜井1955年合併
0%
田川郡37638川崎
0%
越智郡9950波方1960年町制
0%
木田郡25415三木
0%
6528下笠居1956年合併
0%
香川郡6667直島1954年町制
0%
木田郡9581牟礼2006年合併
0%
板野郡13999大麻1967年合併
0%
那賀郡11441那賀川2006年合併
0%
1960名東郡15044国府1967年合併
0%
三好郡10303山城谷1956年合併/町制
0%
美馬郡8848江原1958年合併
0%
麻植郡8408川田1955年合併
0%
8239板西1955年合併
0%
板野郡8687堀江1953年町制
0%
名西郡6664阿野1955年合併/町制
0%
19671大和1952年町制
0%
鞍手郡51200宮田2006年合併/市制
0%
大分郡17837大南1963年合併
0%
熊本県1950飽託郡7220河内1956年合併
0%
7493香々地2005年合併
0%
1960西国東郡7608真玉2005年合併
0%
下毛郡6622今津1955年合併
0%
日田郡6503大山1969年町制
0%
南海部郡6981東上浦1951年町制
0%
天草郡24938大矢野2004年合併/市制
0%
玉名郡17679南関
0%
1960飽託郡12316天明1971年町制
0%
8308砥用2004年合併
0%
下益城郡8480豊野2000年町制
0%
上益城郡7158御船
0%
阿蘇郡15189小国
0%
菊池郡12174隈府1956年合併
0%
13230有川2004年合併
0%
嘉穂郡42612稲築2006年合併
0%
南松浦郡13563富江2004年合併
0%
1960西彼杵郡23082崎戸2005年合併/市制
0%
壱岐郡8181勝本2004年合併/市制
0%
南松浦郡15701福江1954年合併/市制
0%
南高来郡14071西有家2006年合併/市制
0%
7739森山1969年町制
0%
長崎県1950西彼杵郡22723崎戸2005年合併/市制
0%
6844上八万1955年合併
0%
1960佐賀郡21420川副2007年合併
0%
8356久保田1967年町制
0%
佐賀県1950佐賀郡8702南川副1953年町制
0%
田川郡38974川崎
0%
三瀦郡19139筑邦1967年合併
0%
三井郡24642小郡1972年市制
0%
八重山郡12538大浜1964年合併
0%

Score Distribution

Percentile by Number Answered

Percent of People with Each Score

Your Score History

You have not taken this quiz